000 00489nam a22001697a 4500
005 20250205153653.0
008 250205b |||||||| |||| 00| 0 eng d
020 _a9780749423933
050 _aHG8054
_b.5 REG
100 _aRegester, Michael
245 _aRisk issues and crisis management
_ba casebook of best practice
260 _aLondon
_bThe Institute of Public Relations
_cc1997
300 _a208p;
_bill.;
500 _aincludes index
700 _aLarkin,Judy
942 _2lcc
_cBK
_n0
999 _c3451
_d3451